[Event "27. Int. Liechtenstein - OPEN "]
[Site "Triesen"]
[Date "2009.05.19"]
[Round "5.18"]
[White "Ballon, Guenther"]
[Black "Krumm, Johannes"]
[Result "1/2-1/2"]
[WhiteElo "2166"]
[BlackElo "2040"]
[PlyCount "49"]
[EventDate "2009.05.15"]

1. d4 d5 2. c4 c6 3. Nc3 Nf6 4. Nf3 a6 5. cxd5 cxd5 6. Bf4 e6 7. e3 Nc6 8. Bd3
Bd6 9. Bxd6 Qxd6 10. O-O O-O 11. a3 e5 12. dxe5 Nxe5 13. Nxe5 Qxe5 14. h3 Rd8
15. Qc2 d4 16. exd4 Rxd4 17. Rae1 Qg5 18. Ne4 Nxe4 19. Rxe4 Bxh3 20. f4 Qd8 21.
Re3 Rc8 22. Rfe1 Be6 23. Bxh7+ Kf8 24. Qf2 Rd2 25. R3e2 1/2-1/2

[Event "27. Int. Liechtenstein - OPEN "]
[Site "Triesen"]
[Date "2009.05.19"]
[Round "5.19"]
[White "Goris, Ton"]
[Black "Benes, Petr"]
[Result "1/2-1/2"]
[WhiteElo "2080"]
[BlackElo "2166"]
[PlyCount "69"]
[EventDate "2009.05.15"]

1. e4 e5 2. Nf3 f5 3. d3 Nc6 4. exf5 d5 5. Bg5 Be7 6. Qd2 Bxf5 7. Nc3 Nf6 8.
Nh4 Be6 9. g3 O-O 10. Bg2 Qd7 11. O-O Bb4 12. a3 Bc5 13. b4 Bd4 14. Bxf6 Rxf6
15. Nf3 Raf8 16. Nxd4 Nxd4 17. Rae1 Bh3 18. f4 exf4 19. Nxd5 R6f7 20. Rxf4 Bxg2
21. Qxg2 Rxf4 22. Nxf4 g5 23. c3 gxf4 24. cxd4 Qxd4+ 25. Qf2 Qg7 26. Re4 f3 27.
Qd4 f2+ 28. Kf1 Qxd4 29. Rxd4 Rf3 30. Rd8+ Kg7 31. Rd7+ Kg6 32. Rxc7 Rxd3 33.
Kxf2 Rxa3 34. Rxb7 a5 35. bxa5 1/2-1/2

[Event "27. Int. Liechtenstein - OPEN "]
[Site "Triesen"]
[Date "2009.05.19"]
[Round "5.20"]
[White "Neuberger, Guido"]
[Black "Nusch, Peter"]
[Result "1-0"]
[WhiteElo "2165"]
[BlackElo "1940"]
[PlyCount "49"]
[EventDate "2009.05.15"]

1. d4 g6 2. c4 Bg7 3. Nc3 d6 4. e4 e5 5. dxe5 Bxe5 6. Nf3 Bg4 7. Qa4+ c6 8.
Nxe5 dxe5 9. Be3 Nd7 10. f3 Be6 11. O-O-O Qc7 12. h4 Ngf6 13. g4 Nb6 14. Qb4
Nfd7 15. c5 Nc8 16. h5 a5 17. Qa4 b5 18. Bxb5 cxb5 19. Nxb5 Qb7 20. hxg6 fxg6
21. Rd6 Rb8 22. Rxe6+ Kf7 23. Rd6 Na7 24. Qc4+ Kg7 25. Bh6# 1-0

[Event "27. Int. Liechtenstein - OPEN "]
[Site "Triesen"]
[Date "2009.05.20"]
[Round "6.1"]
[White "Kohlweyer, Bernd"]
[Black "Farago, Ivan"]
[Result "1/2-1/2"]
[WhiteElo "2435"]
[BlackElo "2491"]
[PlyCount "22"]
[EventDate "2009.05.15"]

1. d4 e6 2. c4 Nf6 3. g3 d5 4. Bg2 dxc4 5. Nf3 Nc6 6. Qa4 Bb4+ 7. Bd2 Bd6 8.
Na3 O-O 9. Nxc4 Ne4 10. O-O Nxd2 11. Ncxd2 e5 1/2-1/2

[Event "27. Int. Liechtenstein - OPEN "]
[Site "Triesen"]
[Date "2009.05.20"]
[Round "6.2"]
[White "Hera, Imre Jr"]
[Black "Hommeles, Theo"]
[Result "1/2-1/2"]
[WhiteElo "2533"]
[BlackElo "2415"]
[PlyCount "98"]
[EventDate "2009.05.15"]

1. d4 d5 2. c4 c6 3. Nf3 Nf6 4. e3 e6 5. b3 Nbd7 6. Bd3 Bd6 7. Bb2 Qe7 8. O-O
e5 9. dxe5 Nxe5 10. Nxe5 Bxe5 11. Bxe5 Qxe5 12. Nd2 Bg4 13. Qc2 O-O 14. h3 Bh5
15. cxd5 Qxd5 16. Ne4 Nxe4 17. Bxe4 Bg6 18. Bxg6 hxg6 19. Rad1 Qe6 20. Qc5 b6
21. Qd6 Qc8 22. Rc1 c5 23. b4 Rd8 24. Qe5 Rd7 25. bxc5 Rc7 26. Qd5 bxc5 27. Rc4
Qf8 28. Rfc1 Rd8 29. Qg5 Rd2 30. Qe5 Qd8 31. Rxc5 Rxc5 32. Rxc5 Rxa2 33. Rd5
Qf6 34. Qb8+ Kh7 35. Qg3 Ra1+ 36. Kh2 Ra2 37. f3 Rc2 38. Rd4 Rc5 39. Qb8 Qe5+
40. Qxe5 Rxe5 41. Rd7 Rxe3 42. Rxa7 f6 43. h4 Re2 44. Kg3 Rb2 45. Ra5 Rc2 46.
Rb5 Ra2 47. Rc5 Rd2 48. Ra5 Rc2 49. Rb5 Ra2 1/2-1/2

[Event "27. Int. Liechtenstein - OPEN "]
[Site "Triesen"]
[Date "2009.05.20"]
[Round "6.3"]
[White "Siebrecht, Sebastian"]
[Black "Dgebuadze, Alexandre"]
[Result "1/2-1/2"]
[WhiteElo "2433"]
[BlackElo "2539"]
[PlyCount "96"]
[EventDate "2009.05.15"]

1. d4 e6 2. c4 Nf6 3. Nf3 Bb4+ 4. Bd2 Qe7 5. Qc2 Nc6 6. Nc3 d5 7. Bg5 dxc4 8.
e3 Na5 9. Nd2 Bd7 10. Nxc4 Nxc4 11. Bxc4 c5 12. O-O Bxc3 13. Qxc3 Rc8 14. d5 b5
15. dxe6 fxe6 16. Bd3 c4 17. Bc2 O-O 18. Rad1 Be8 19. Qe5 Rc5 20. Qg3 Bg6 21.
Bxg6 hxg6 22. Rd4 b4 23. e4 e5 24. Rd5 Rxd5 25. exd5 Qd6 26. Bxf6 Rxf6 27. Rd1
Qc5 28. Qe3 Qxe3 29. fxe3 Rf8 30. e4 c3 31. bxc3 bxc3 32. Rc1 Rc8 33. Kf2 Kf7
34. Ke3 Rc4 35. Re1 c2 36. Kd2 c1=Q+ 37. Rxc1 Rxe4 38. Rc7+ Kf6 39. Rxa7 Rd4+
40. Ke3 Rxd5 41. Ra6+ Kf5 42. h3 e4 43. g4+ Ke5 44. Ra3 g5 45. Rb3 Ra5 46. a3
g6 47. Rc3 Kd5 48. Rb3 Ke5 1/2-1/2

[Event "27. Int. Liechtenstein - OPEN "]
[Site "Triesen"]
[Date "2009.05.20"]
[Round "6.4"]
[White "Hug, Marcel"]
[Black "Bogner, Sebastian"]
[Result "0-1"]
[WhiteElo "2300"]
[BlackElo "2511"]
[PlyCount "110"]
[EventDate "2009.05.15"]

1. e4 c5 2. c4 Nc6 3. Nc3 g6 4. d3 Bg7 5. g3 a6 6. a4 Nf6 7. Bg2 O-O 8. Nge2
Ne8 9. O-O Nc7 10. Be3 Ne6 11. f4 f5 12. exf5 gxf5 13. Bd5 Ncd4 14. Rb1 Rb8 15.
b4 d6 16. Bf2 Kh8 17. Nxd4 Nxd4 18. Ne2 e6 19. Bg2 b6 20. Nxd4 cxd4 21. Qe2 Qd7
22. b5 a5 23. Bc6 Qf7 24. Be1 Bb7 25. Bxb7 Rxb7 26. Bd2 e5 27. Qf3 Rc7 28. fxe5
dxe5 29. Rbe1 Qe6 30. Re2 Re7 31. Rfe1 Rfe8 32. Rf1 Rf7 33. Rfe1 Qd7 34. Rf2
Kg8 35. Ref1 e4 36. dxe4 Rxe4 37. Qd3 Qe6 38. Rc1 Bf8 39. Rc2 Bd6 40. Bc1 Re1+
41. Kg2 Qe4+ 42. Rf3 Re7 43. Bg5 Re6 44. Rcf2 Ra1 45. Bd8 Bc5 46. h4 Rxa4 47.
Kh3 Qxd3 48. Rxd3 Re3 49. Rd1 Raa3 50. Bc7 Rf3 51. Re2 Rae3 52. Rg2 a4 53. Kh2
a3 54. g4 f4 55. g5 d3 0-1

[Event "27. Int. Liechtenstein - OPEN "]
[Site "Triesen"]
[Date "2009.05.20"]
[Round "6.5"]
[White "Van Der Weide, Karel"]
[Black "Pribyl, Josef"]
[Result "1/2-1/2"]
[WhiteElo "2497"]
[BlackElo "2346"]
[PlyCount "46"]
[EventDate "2009.05.15"]

1. c4 e5 2. g3 Nc6 3. Bg2 g6 4. Nc3 Bg7 5. Rb1 a5 6. a3 d6 7. b4 axb4 8. axb4
Nf6 9. d3 O-O 10. b5 Ne7 11. Nf3 h6 12. O-O Be6 13. Bb2 Qd7 14. Re1 Bh3 15. Bh1
Nh5 16. Ra1 f5 17. Qc2 Kh7 18. Rxa8 Rxa8 19. Ra1 Rxa1+ 20. Bxa1 b6 21. Qa2 Nf6
22. Qa8 g5 23. Nd2 h5 1/2-1/2

[Event "27. Int. Liechtenstein - OPEN "]
[Site "Triesen"]
[Date "2009.05.20"]
[Round "6.6"]
[White "Peredy, Ferenc"]
[Black "Foisor, Cristina-Adela"]
[Result "0-1"]
[WhiteElo "2234"]
[BlackElo "2423"]
[PlyCount "80"]
[EventDate "2009.05.15"]

1. e4 g6 2. d4 Bg7 3. Nc3 d6 4. Be3 a6 5. a4 b6 6. Qd2 Bb7 7. f3 Nd7 8. Bc4 e6
9. Nge2 Ngf6 10. Ba2 Qe7 11. O-O h6 12. Kh1 g5 13. Ng3 Nf8 14. f4 gxf4 15. Bxf4
O-O-O 16. Rae1 Ng6 17. Qe2 Nxf4 18. Rxf4 h5 19. Qf3 h4 20. Nge2 Rdf8 21. Rf1
Rh6 22. Ng1 Kb8 23. Nh3 Ka7 24. Qf2 Rg6 25. Qxh4 Rh8 26. Qe1 Nxe4 27. Nxe4 f5
28. d5 Be5 29. Ng3 Qh7 30. c4 Rg4 31. R4f3 a5 32. Bb1 Rxc4 33. Bd3 Rxa4 34.
dxe6 Bxb2 35. Bxf5 Qg7 36. e7 Bc6 37. Bc2 Ra1 38. Qe6 Bxf3 39. e8=Q Rxf1+ 40.
Ng1 Qxg3 0-1

[Event "27. Int. Liechtenstein - OPEN "]
[Site "Triesen"]
[Date "2009.05.20"]
[Round "6.7"]
[White "Foisor, Ovidiu-Doru"]
[Black "Popa, Claudio"]
[Result "1-0"]
[WhiteElo "2408"]
[BlackElo "2218"]
[PlyCount "67"]
[EventDate "2009.05.15"]

1. c4 e6 2. Nf3 d5 3. g3 Nf6 4. Bg2 Be7 5. O-O O-O 6. d4 b6 7. Nc3 Bb7 8. Ne5
Nbd7 9. Qa4 Nxe5 10. dxe5 Ne4 11. cxd5 Nxc3 12. bxc3 exd5 13. c4 c6 14. Rd1 Qc7
15. cxd5 cxd5 16. Bb2 Rfd8 17. Rac1 Bc5 18. Bd4 Qe7 19. e3 Bxd4 20. exd4 Qd7
21. Qa3 Bc6 22. Rc3 Bb5 23. Rdc1 Bc4 24. Rxc4 dxc4 25. Bxa8 Rxa8 26. Rxc4 b5
27. Rc5 Qxd4 28. Rxb5 h6 29. Qf3 Rd8 30. Kg2 Qc4 31. Ra5 Rd2 32. Rxa7 g5 33.
Ra8+ Kh7 34. Qf5+ 1-0

[Event "27. Int. Liechtenstein - OPEN "]
[Site "Triesen"]
[Date "2009.05.20"]
[Round "6.8"]
[White "Scheffknecht, Philipp"]
[Black "Hirneise, Tobias"]
[Result "0-1"]
[WhiteElo "2191"]
[BlackElo "2407"]
[PlyCount "60"]
[EventDate "2009.05.15"]

1. d4 Nf6 2. Nf3 g6 3. g3 Bg7 4. Bg2 O-O 5. O-O d6 6. c4 Nc6 7. d5 Na5 8. Nfd2
c6 9. Na3 cxd5 10. cxd5 e6 11. e4 exd5 12. exd5 Bg4 13. Bf3 Bxf3 14. Qxf3 b6
15. b4 Nb7 16. Rb1 Nd7 17. Ndc4 Ne5 18. Nxe5 dxe5 19. Rd1 Nd6 20. Qe2 Qd7 21.
b5 Nf5 22. Nc4 Nd4 23. Rxd4 exd4 24. Qf3 Rac8 25. Rb4 Rc5 26. Ba3 Rxd5 27. Ra4
Rd8 28. Nd6 Rxd6 29. Bxd6 Qxd6 30. Rxa7 Qd5 0-1

[Event "27. Int. Liechtenstein - OPEN "]
[Site "Triesen"]
[Date "2009.05.20"]
[Round "6.9"]
[White "Brestian, Egon"]
[Black "Poettinger, Harald"]
[Result "1-0"]
[WhiteElo "2392"]
[BlackElo "2207"]
[PlyCount "85"]
[EventDate "2009.05.15"]

1. b3 d5 2. Bb2 e6 3. f4 Nd7 4. Nf3 f5 5. c4 Ngf6 6. e3 Be7 7. Be2 O-O 8. O-O
a5 9. Nc3 c6 10. Qc2 Nc5 11. a3 Qb6 12. Nd4 Nfe4 13. d3 Nxc3 14. Bxc3 a4 15. b4
Nb3 16. Rab1 Bf6 17. c5 Nxd4 18. Bxd4 Qd8 19. Bxf6 Qxf6 20. d4 g5 21. Qd2 Bd7
22. b5 Kh8 23. b6 Qg7 24. Rb4 Ra5 25. Bd1 Rfa8 26. Bc2 h5 27. Qf2 Qe7 28. fxg5
Qxg5 29. Qf4 Qxf4 30. exf4 Kg7 31. Bd3 Kf6 32. Rf3 Be8 33. h4 Kg7 34. Rg3+ Bg6
35. Kf2 Kh6 36. Ke2 Bf7 37. Kd2 Bg6 38. Kc3 Kg7 39. Rg5 Kh6 40. Rb1 Bf7 41. Kb4
Bg6 42. Re1 Bf7 43. Re3 1-0

[Event "27. Int. Liechtenstein - OPEN "]
[Site "Triesen"]
[Date "2009.05.20"]
[Round "6.10"]
[White "Bruehl, Andreas"]
[Black "Ballon, Guenther"]
[Result "1-0"]
[WhiteElo "2365"]
[BlackElo "2166"]
[PlyCount "127"]
[EventDate "2009.05.15"]

1. d4 Nf6 2. c4 e6 3. Nf3 d5 4. Nc3 Be7 5. Bg5 O-O 6. e3 b6 7. cxd5 exd5 8. Be2
Bb7 9. O-O Nbd7 10. Qc2 Re8 11. Rfd1 c6 12. Rac1 Nf8 13. Qb1 Ng6 14. b4 a6 15.
a4 b5 16. Ne1 Ne4 17. Bxe7 Qxe7 18. Nd3 f5 19. Bh5 Nd6 20. Bxg6 hxg6 21. Ne5
Qf6 22. Re1 g5 23. f4 g6 24. Nd1 Nc4 25. Nf2 g4 26. h3 gxh3 27. Nxh3 Kg7 28. a5
Qh4 29. Qc2 Re7 30. Qf2 Rh8 31. Qxh4 Rxh4 32. Kf2 Kf6 33. Ng5 Re8 34. Ngf7 Rf8
35. Rh1 Rxh1 36. Rxh1 Nxe5 37. fxe5+ Kg7 38. Ng5 Rh8 39. Rxh8 Kxh8 40. Nf7+ Kg7
41. Nd6 Ba8 42. g4 fxg4 43. Kg3 g5 44. Kxg4 Kg6 45. Nc8 Bb7 46. Nb6 c5 47. dxc5
Bc6 48. e6 Kf6 49. e7 Kxe7 50. Kxg5 Ke6 51. Kf4 Bb7 52. Kf3 d4+ 53. e4 Ke5 54.
Nd7+ Ke6 55. Nb8 Ke5 56. c6 Bc8 57. Nd7+ Kd6 58. Ke2 Kxc6 59. Nb6 Bh3 60. Kd3
Kd6 61. Kxd4 Bg2 62. Nd5 Bf3 63. Nf4 Bh1 64. Nd3 1-0

[Event "27. Int. Liechtenstein - OPEN "]
[Site "Triesen"]
[Date "2009.05.20"]
[Round "6.11"]
[White "Neuberger, Guido"]
[Black "Raykhman, Alexander"]
[Result "0-1"]
[WhiteElo "2165"]
[BlackElo "2297"]
[PlyCount "182"]
[EventDate "2009.05.15"]

1. d4 Nf6 2. c4 g6 3. Nc3 Bg7 4. e4 d6 5. f4 O-O 6. Nf3 c5 7. dxc5 Qa5 8. Bd2
Qxc5 9. Qe2 Bg4 10. h3 Bxf3 11. Qxf3 Nc6 12. Rc1 a6 13. Qf2 Nd7 14. Be3 Qa5 15.
Bd3 Nc5 16. Bb1 Na4 17. O-O Nxc3 18. bxc3 Bxc3 19. e5 dxe5 20. f5 Bd4 21. Bxd4
Nxd4 22. c5 Rac8 23. Kh1 b6 24. c6 Qa3 25. Be4 Qd6 26. Rfd1 Rc7 27. g4 Kg7 28.
h4 b5 29. Rd3 Rfc8 30. Rf1 f6 31. g5 Rxc6 32. fxg6 hxg6 33. gxf6+ exf6 34. Qg2
f5 35. Rxf5 Rc1+ 36. Rf1 Qf6 37. Rdd1 Rxd1 38. Rxd1 Qxh4+ 39. Kg1 Qh6 40. Re1
Rc1 41. Rxc1 Qxc1+ 42. Kh2 Qf4+ 43. Kh1 Qc1+ 44. Kh2 Qh6+ 45. Kg1 Kf6 46. Bb7
a5 47. Qd5 Ne2+ 48. Kf1 Nd4 49. Qd8+ Kf5 50. Qc8+ Kg5 51. Qc1+ Kh5 52. Qd1+ Kh4
53. Qe1+ Kg4 54. Bc8+ Nf5 55. Qe2+ Kg5 56. Qd2+ Kf6 57. Qd8+ Kg7 58. Qc7+ Kh8
59. Qxe5+ Ng7 60. Be6 Kh7 61. Bb3 a4 62. Bd5 Qc1+ 63. Ke2 Qc2+ 64. Ke1 Qc1+ 65.
Ke2 Qc2+ 66. Ke1 b4 67. Be4 Qc1+ 68. Ke2 Qc4+ 69. Ke1 Qxa2 70. Qf6 Qe6 71. Qh4+
Kg8 72. Qd8+ Qe8 73. Qxe8+ Nxe8 74. Bxg6 a3 75. Bc2 Kf8 76. Bb3 Ke7 77. Kd2 Kd6
78. Kc2 Kc5 79. Bg8 Nf6 80. Bf7 Nd7 81. Kb3 Ne5 82. Bg8 Nf3 83. Bf7 Nd2+ 84.
Ka2 Kd4 85. Be6 Kc3 86. Bf7 Nc4 87. Be6 b3+ 88. Ka1 Ne3 89. Bxb3 Kxb3 90. Kb1
a2+ 91. Ka1 Nc2# 0-1

[Event "27. Int. Liechtenstein - OPEN "]
[Site "Triesen"]
[Date "2009.05.20"]
[Round "6.12"]
[White "Klings, Peter"]
[Black "Vilerte, Tamara"]
[Result "1-0"]
[WhiteElo "2152"]
[BlackElo "2238"]
[PlyCount "73"]
[EventDate "2009.05.15"]

1. e4 c5 2. a3 Nc6 3. b4 e5 4. b5 Nd4 5. c3 Ne6 6. Nf3 d5 7. exd5 Qxd5 8. d3 g6
9. c4 Qd6 10. Qe2 Bg7 11. Bb2 f6 12. g3 b6 13. Bg2 Bb7 14. O-O Rd8 15. Re1 Bxf3
16. Qxf3 Ne7 17. a4 Qxd3 18. Qxd3 Rxd3 19. a5 Nd4 20. axb6 axb6 21. Ra6 Nc8 22.
Nc3 Nc2 23. Rd1 Rxd1+ 24. Nxd1 Nb4 25. Ra4 O-O 26. Ne3 Ne7 27. Bc3 Nd3 28. Ra7
Re8 29. Nd5 Nc8 30. Ra6 Nb4 31. Nxb4 cxb4 32. Bd5+ Kh8 33. Bxb4 Bf8 34. Bxf8
Rxf8 35. Ra8 Kg7 36. Rb8 Ne7 37. Rb7 1-0

[Event "27. Int. Liechtenstein - OPEN "]
[Site "Triesen"]
[Date "2009.05.20"]
[Round "6.13"]
[White "Csiba, Dominik"]
[Black "Bogner, Norbert"]
[Result "1-0"]
[WhiteElo "2377"]
[BlackElo "2082"]
[PlyCount "47"]
[EventDate "2009.05.15"]

1. e4 c5 2. Nc3 Nc6 3. Nge2 g6 4. d4 cxd4 5. Nxd4 Bg7 6. Be3 Nf6 7. Bc4 Nxe4 8.
Nxe4 d5 9. Bb5 dxe4 10. Nxc6 bxc6 11. Bxc6+ Bd7 12. Bxa8 Qxa8 13. Bd4 e5 14.
Bc5 Qc6 15. Qd6 Qxd6 16. Bxd6 Bc6 17. O-O f5 18. c4 f4 19. b4 a6 20. a4 Kd7 21.
Rfd1 Kc8 22. b5 Bb7 23. Rab1 axb5 24. cxb5 1-0

[Event "27. Int. Liechtenstein - OPEN "]
[Site "Triesen"]
[Date "2009.05.20"]
[Round "6.14"]
[White "Kobler, Mario"]
[Black "Habibi, Ali"]
[Result "1/2-1/2"]
[WhiteElo "2096"]
[BlackElo "2290"]
[PlyCount "56"]
[EventDate "2009.05.15"]

1. e4 c5 2. Nf3 g6 3. c4 Bg7 4. d4 cxd4 5. Nxd4 Nf6 6. f3 O-O 7. Be3 Nc6 8. Nc3
d6 9. Qd2 Nxd4 10. Bxd4 Be6 11. Rc1 Qa5 12. g3 Rfc8 13. b3 a6 14. Bxf6 Bxf6 15.
Nd5 Qxd2+ 16. Kxd2 Bxd5 17. exd5 Bb2 18. Re1 Rc7 19. h4 h6 20. Rh2 b5 21. Rb1
Bf6 22. a4 Rc5 23. b4 Rc7 24. cxb5 axb5 25. Bxb5 Rc3 26. Rf2 Ra3 27. Rc1 Rb8
28. Rc4 Rb3 1/2-1/2

[Event "27. Int. Liechtenstein - OPEN "]
[Site "Triesen"]
[Date "2009.05.20"]
[Round "6.15"]
[White "Mayr, Manfred"]
[Black "Bezler, Rainer"]
[Result "1/2-1/2"]
[WhiteElo "2080"]
[BlackElo "2281"]
[PlyCount "50"]
[EventDate "2009.05.15"]

1. Nf3 g6 2. e4 Bg7 3. d3 e5 4. g3 Nc6 5. Bg2 Nge7 6. O-O O-O 7. c3 d5 8. Nbd2
b6 9. a3 a5 10. Re1 Ba6 11. Qc2 Qd7 12. b3 f5 13. Bb2 dxe4 14. dxe4 Bd3 15. Qd1
Rad8 16. b4 h6 17. Qb3+ Kh7 18. b5 Na7 19. c4 fxe4 20. Nxe4 Qf5 21. Nfd2 Qf7
22. Re3 Bxe4 23. Nxe4 Nf5 24. Rf3 Qe6 25. Rd3 Nd4 1/2-1/2

[Event "27. Int. Liechtenstein - OPEN "]
[Site "Triesen"]
[Date "2009.05.20"]
[Round "6.16"]
[White "Raddatz, Michael"]
[Black "Lacrosse, Marc"]
[Result "0-1"]
[WhiteElo "2018"]
[BlackElo "2216"]
[PlyCount "82"]
[EventDate "2009.05.15"]

1. e4 e5 2. Nf3 Nc6 3. Bb5 a6 4. Bxc6 dxc6 5. O-O Bd6 6. d4 exd4 7. Qxd4 f6 8.
e5 fxe5 9. Re1 Nf6 10. Nxe5 O-O 11. Bg5 Re8 12. Nc3 Bf5 13. Qc4+ Be6 14. Qh4
Bf5 15. Qc4+ Be6 16. Qh4 Bf5 17. Rad1 Qe7 18. Nf3 Qf7 19. Nd4 Bg6 20. Bxf6 Qxf6
21. Qxf6 gxf6 22. Rxe8+ Rxe8 23. g4 Be5 24. Na4 Rd8 25. c3 Bc2 26. Nxc2 Rxd1+
27. Kg2 Rd2 28. Ne1 b5 29. Nf3 Rd5 30. c4 bxc4 31. Nxe5 Rxe5 32. Kf3 Kf7 33.
Nc3 h5 34. h3 hxg4+ 35. hxg4 Re8 36. a3 Rb8 37. Na4 Re8 38. Nc5 Re1 39. Kg3 Rb1
40. Na4 c3 41. bxc3 Rb3 0-1

[Event "27. Int. Liechtenstein - OPEN "]
[Site "Triesen"]
[Date "2009.05.20"]
[Round "6.17"]
[White "Frey, Alisa"]
[Black "Keller, Manfred"]
[Result "0-1"]
[WhiteElo "1984"]
[BlackElo "2202"]
[PlyCount "60"]
[EventDate "2009.05.15"]

1. d4 Nf6 2. c4 g6 3. Nc3 d5 4. cxd5 Nxd5 5. Bd2 Bg7 6. e4 Nb6 7. Be3 O-O 8. h3
Nc6 9. Nf3 e5 10. d5 Ne7 11. Qb3 c6 12. Rd1 cxd5 13. exd5 Nf5 14. Bg5 f6 15.
d6+ Kh8 16. Bc1 Bd7 17. Bb5 e4 18. Nh2 e3 19. O-O Re8 20. Ng4 Bxb5 21. Qxb5
Nxd6 22. Qb4 e2 23. Nxe2 Rxe2 24. Qxd6 Qxd6 25. Rxd6 f5 26. Nf6 Nc4 27. Rd4 b5
28. Bg5 Re6 29. b3 Nb6 30. Rd7 Bxf6 0-1

[Event "27. Int. Liechtenstein - OPEN "]
[Site "Triesen"]
[Date "2009.05.20"]
[Round "6.18"]
[White "Kuhn, Thomas"]
[Black "Tiemann, Christoph"]
[Result "1/2-1/2"]
[WhiteElo "2169"]
[BlackElo "2083"]
[PlyCount "43"]
[EventDate "2009.05.15"]

1. d4 Nf6 2. Nf3 g6 3. Bg5 Bg7 4. Nbd2 c5 5. Bxf6 Bxf6 6. Ne4 Bxd4 7. Nxd4 cxd4
8. Qxd4 O-O 9. c4 Qa5+ 10. Nc3 Nc6 11. Qd2 d6 12. e3 Be6 13. Be2 a6 14. Nd5
Qxd2+ 15. Kxd2 Bxd5 16. cxd5 Nb4 17. Rhc1 a5 18. Bc4 Na6 19. Bxa6 Rxa6 20. Rc4
Rb6 21. Kc3 Kg7 22. Rd1 1/2-1/2

[Event "27. Int. Liechtenstein - OPEN "]
[Site "Triesen"]
[Date "2009.05.20"]
[Round "6.19"]
[White "Benes, Petr"]
[Black "Mertens, Klaus"]
[Result "1-0"]
[WhiteElo "2166"]
[BlackElo "2075"]
[PlyCount "131"]
[EventDate "2009.05.15"]

1. Nf3 Nf6 2. c4 e6 3. b3 b6 4. g3 Bb7 5. Bg2 Be7 6. Bb2 c5 7. O-O d6 8. Qc2
Nc6 9. Nc3 Nb4 10. Qb1 Rc8 11. Rd1 Qc7 12. Nb5 Qb8 13. d3 O-O 14. e4 a6 15. Nc3
Nd7 16. d4 cxd4 17. Nxd4 Bf6 18. Ba3 a5 19. Bb2 Nc5 20. Ncb5 Rfd8 21. a3 Nba6
22. f4 Qa8 23. Re1 Be7 24. Qc2 Nc7 25. Nc3 Bf8 26. b4 Nd7 27. Qb3 Nf6 28. Na4
Nd7 29. Bf3 Na6 30. Bc3 axb4 31. axb4 Qb8 32. Kg2 Qc7 33. Nb2 Ra8 34. Nb5 Qb8
35. Rad1 Nf6 36. Rd2 Nc7 37. Nd4 Ra7 38. Na4 Ba8 39. b5 Nd7 40. Red1 Nc5 41.
Nxc5 bxc5 42. Ne2 Qb6 43. Be5 f6 44. Bb2 Bb7 45. Nc3 Rda8 46. h4 Ne8 47. h5 Kf7
48. Qc2 Kg8 49. Qd3 Qc7 50. Kh2 Qf7 51. Qe2 Rb8 52. Rf1 Rba8 53. Qf2 Qe7 54.
Qg2 Qc7 55. Kh1 Rd8 56. g4 Rb8 57. g5 Be7 58. Rg1 Ba8 59. Qh3 e5 60. Qe6+ Kh8
61. Qf7 d5 62. h6 Bd6 63. hxg7+ Nxg7 64. Qxc7 Bxc7 65. Nxd5 Bxd5 66. exd5 1-0

[Event "27. Int. Liechtenstein - OPEN "]
[Site "Triesen"]
[Date "2009.05.20"]
[Round "6.20"]
[White "Simon, Peter"]
[Black "Goris, Ton"]
[Result "0-1"]
[WhiteElo "2163"]
[BlackElo "2080"]
[PlyCount "54"]
[EventDate "2009.05.15"]

1. d4 e6 2. Nf3 Nf6 3. e3 c5 4. Bd3 d5 5. b3 Nc6 6. O-O cxd4 7. exd4 Bd6 8. Bb2
O-O 9. Nbd2 b6 10. a3 Qc7 11. Re1 Bb7 12. Ne5 Rad8 13. Qf3 h6 14. Qh3 Ne4 15.
Nxe4 dxe4 16. Rxe4 Nxe5 17. dxe5 Bxe4 18. exd6 Qxd6 19. Qg4 Bg6 20. Bxg6 fxg6
21. Re1 g5 22. g3 Rf5 23. Qe4 Qd5 24. Qe2 Kh7 25. Qxe6 Qxe6 26. Rxe6 Rd1+ 27.
Kg2 Rd2 0-1

[Event "27. Int. Liechtenstein - OPEN "]
[Site "Triesen"]
[Date "2009.05.21"]
[Round "7.1"]
[White "Kohlweyer, Bernd"]
[Black "Hera, Imre Jr"]
[Result "1/2-1/2"]
[WhiteElo "2435"]
[BlackElo "2533"]
[PlyCount "26"]
[EventDate "2009.05.15"]

1. d4 Nf6 2. c4 e6 3. g3 c5 4. Nf3 cxd4 5. Nxd4 Bb4+ 6. Bd2 Qb6 7. Bxb4 Qxb4+
8. Nc3 Qxb2 9. Ndb5 Qb4 10. Rb1 Qc5 11. Bg2 O-O 12. Na4 Qh5 13. O-O Nc6 1/2-1/2

[Event "27. Int. Liechtenstein - OPEN "]
[Site "Triesen"]
[Date "2009.05.21"]
[Round "7.2"]
[White "Bogner, Sebastian"]
[Black "Farago, Ivan"]
[Result "1/2-1/2"]
[WhiteElo "2511"]
[BlackElo "2491"]
[PlyCount "47"]
[EventDate "2009.05.15"]

1. d4 Nf6 2. c4 e6 3. Nf3 b6 4. g3 Ba6 5. Nbd2 d5 6. cxd5 exd5 7. Ne5 Be7 8.
Qa4+ c6 9. Bg2 Bb7 10. O-O O-O 11. Qc2 c5 12. dxc5 bxc5 13. b3 Nbd7 14. Bb2
Nxe5 15. Bxe5 Qb6 16. e4 Nxe4 17. Nxe4 dxe4 18. Bxe4 Bxe4 19. Qxe4 Rfe8 20. Qf4
Bf8 21. Rfe1 Qa6 22. Re4 Re6 23. Ra4 Qb7 24. Bc3 1/2-1/2

[Event "27. Int. Liechtenstein - OPEN "]
[Site "Triesen"]
[Date "2009.05.21"]
[Round "7.3"]
[White "Dgebuadze, Alexandre"]
[Black "Brestian, Egon"]
[Result "1-0"]
[WhiteElo "2539"]
[BlackElo "2392"]
[PlyCount "44"]
[EventDate "2009.05.15"]

1. e4 c5 2. Nf3 Nc6 3. d4 cxd4 4. Nxd4 g6 5. c4 Bg7 6. Be3 Nf6 7. Nc3 d6 8. Be2
O-O 9. O-O Bd7 10. Rb1 Nxd4 11. Bxd4 Bc6 12. f3 a6 13. Kh1 Nd7 14. Bxg7 Kxg7
15. f4 Nc5 16. Qd4+ Kg8 17. f5 Nd7 18. Rbd1 g5 19. f6 Nxf6 20. c5 Ne8 21. e5 d5
22. Qe3 f6 {Der Rest ist unlesbar. ... 34} 1-0

[Event "27. Int. Liechtenstein - OPEN "]
[Site "Triesen"]
[Date "2009.05.21"]
[Round "7.5"]
[White "Pribyl, Josef"]
[Black "Siebrecht, Sebastian"]
[Result "1/2-1/2"]
[WhiteElo "2346"]
[BlackElo "2433"]
[PlyCount "21"]
[EventDate "2009.05.15"]

1. d4 Nf6 2. Nf3 e6 3. g3 b5 4. Bg2 Bb7 5. O-O d5 6. c3 c5 7. a4 b4 8. a5 bxc3
9. Nxc3 Nbd7 10. a6 Bc6 11. dxc5 1/2-1/2

[Event "27. Int. Liechtenstein - OPEN "]
[Site "Triesen"]
[Date "2009.05.21"]
[Round "7.6"]
[White "Foisor, Cristina-Adela"]
[Black "Bruehl, Andreas"]
[Result "1-0"]
[WhiteElo "2423"]
[BlackElo "2365"]
[PlyCount "81"]
[EventDate "2009.05.15"]

1. Nf3 Nf6 2. g3 d5 3. Bg2 c5 4. O-O Nc6 5. d4 e6 6. c4 dxc4 7. Qa4 cxd4 8.
Nxd4 Qxd4 9. Bxc6+ Bd7 10. Rd1 Qxd1+ 11. Qxd1 Bxc6 12. Nd2 Be7 13. Nxc4 O-O 14.
f3 Rfd8 15. Qe1 Rac8 16. Be3 Bxf3 17. exf3 Rxc4 18. Rc1 Ra4 19. a3 b6 20. Bf2
Nd5 21. Rc6 h6 22. Qc1 Ra5 23. b4 Ra4 24. Rc8 Rf8 25. Bd4 Bf6 26. Bxf6 Nxf6 27.
Rc3 Nd5 28. Rd3 b5 29. Qc5 a6 30. f4 g6 31. Rf3 h5 32. h3 Rd8 33. Kf1 Kg7 34.
g4 hxg4 35. hxg4 Kf6 36. Rd3 Rd7 37. Qf8 a5 38. Qe8 Nb6 39. Rxd7 Nxd7 40. Qxd7
Rxa3 41. bxa5 1-0

[Event "27. Int. Liechtenstein - OPEN "]
[Site "Triesen"]
[Date "2009.05.21"]
[Round "7.7"]
[White "Hommeles, Theo"]
[Black "Klings, Peter"]
[Result "1-0"]
[WhiteElo "2415"]
[BlackElo "2152"]
[PlyCount "49"]
[EventDate "2009.05.15"]

1. e4 c6 2. c4 d5 3. exd5 cxd5 4. cxd5 Nf6 5. Nc3 Nxd5 6. Nf3 Nc6 7. d4 a6 8.
Bc4 Nxc3 9. bxc3 Na5 10. Be2 Be6 11. O-O Rc8 12. Bd2 Bd5 13. Ne5 e6 14. c4 Nxc4
15. Qa4+ b5 16. Qxa6 Nxd2 17. Qxb5+ Ke7 18. Qb4+ Qd6 19. Qxd2 f6 20. Nd3 Kf7
21. Nf4 Be4 22. Qe3 Bc2 23. Rfe1 Be7 24. Nxe6 Qxe6 25. Bh5+ 1-0

[Event "27. Int. Liechtenstein - OPEN "]
[Site "Triesen"]
[Date "2009.05.21"]
[Round "7.8"]
[White "Raykhman, Alexander"]
[Black "Foisor, Ovidiu-Doru"]
[Result "1/2-1/2"]
[WhiteElo "2297"]
[BlackElo "2408"]
[PlyCount "32"]
[EventDate "2009.05.15"]

1. d4 Nf6 2. c4 e6 3. Nf3 d5 4. Nc3 Nbd7 5. Bg5 Bb4 6. e3 c5 7. cxd5 exd5 8.
Bd3 Qa5 9. O-O c4 10. Bf5 Bxc3 11. bxc3 O-O 12. Qc2 Re8 13. Nd2 g6 14. Bxf6
Nxf6 15. Bxc8 Raxc8 16. Rfe1 Re6 1/2-1/2